<?xml version="1.0" encoding="UTF-8"?>
<record
    xmlns:xsi="http://www.w3.org/2001/XMLSchema-instance"
    xsi:schemaLocation="http://www.loc.gov/MARC21/slim http://www.loc.gov/standards/marcxml/schema/MARC21slim.xsd"
    xmlns="http://www.loc.gov/MARC21/slim">

  <leader>01116nam a2200241Ia 4500</leader>
  <datafield tag="952" ind1=" " ind2=" ">
    <subfield code="0">0</subfield>
    <subfield code="1">0</subfield>
    <subfield code="2">lcc</subfield>
    <subfield code="4">0</subfield>
    <subfield code="7">0</subfield>
    <subfield code="a">22</subfield>
    <subfield code="b">22</subfield>
    <subfield code="d">2018-05-03</subfield>
    <subfield code="l">0</subfield>
    <subfield code="o">TA166 C78 2011</subfield>
    <subfield code="p">06 003893</subfield>
    <subfield code="r">2018-05-03</subfield>
    <subfield code="t">1</subfield>
    <subfield code="w">2018-05-03</subfield>
    <subfield code="y">LB</subfield>
  </datafield>
  <datafield tag="952" ind1=" " ind2=" ">
    <subfield code="0">0</subfield>
    <subfield code="1">0</subfield>
    <subfield code="2">lcc</subfield>
    <subfield code="4">0</subfield>
    <subfield code="7">0</subfield>
    <subfield code="a">22</subfield>
    <subfield code="b">22</subfield>
    <subfield code="d">2018-06-08</subfield>
    <subfield code="l">6</subfield>
    <subfield code="o">TA166 C78 2011</subfield>
    <subfield code="p">06 003921</subfield>
    <subfield code="r">2020-03-03</subfield>
    <subfield code="s">2020-03-03</subfield>
    <subfield code="t">2</subfield>
    <subfield code="w">2018-06-08</subfield>
    <subfield code="y">LB</subfield>
  </datafield>
  <datafield tag="952" ind1=" " ind2=" ">
    <subfield code="0">0</subfield>
    <subfield code="1">0</subfield>
    <subfield code="2">lcc</subfield>
    <subfield code="4">0</subfield>
    <subfield code="7">0</subfield>
    <subfield code="a">22</subfield>
    <subfield code="b">22</subfield>
    <subfield code="d">2018-06-08</subfield>
    <subfield code="l">5</subfield>
    <subfield code="o">TA166 C78 2011</subfield>
    <subfield code="p">06 003922</subfield>
    <subfield code="r">2020-03-14</subfield>
    <subfield code="s">2020-03-14</subfield>
    <subfield code="t">3</subfield>
    <subfield code="w">2018-06-08</subfield>
    <subfield code="y">LB</subfield>
  </datafield>
  <datafield tag="999" ind1=" " ind2=" ">
    <subfield code="c">102954</subfield>
    <subfield code="d">102954</subfield>
  </datafield>
  <controlfield tag="005">20231102152046.0</controlfield>
  <controlfield tag="008">120720s2011    sp d          000 0 spa d</controlfield>
  <datafield tag="020" ind1=" " ind2=" ">
    <subfield code="a">9788492650873</subfield>
  </datafield>
  <datafield tag="050" ind1=" " ind2=" ">
    <subfield code="a">TA166</subfield>
    <subfield code="b">C78 2011</subfield>
  </datafield>
  <datafield tag="100" ind1="1" ind2=" ">
    <subfield code="a">Cruz G., J. Alberto</subfield>
    <subfield code="e">Autor</subfield>
  </datafield>
  <datafield tag="245" ind1="1" ind2="0">
    <subfield code="a">Ergonom&#xED;a Aplicada</subfield>
    <subfield code="c"> / J. Alberto Cruz G., G. Andr&#xE9;s Garnica G.</subfield>
  </datafield>
  <datafield tag="260" ind1=" " ind2=" ">
    <subfield code="a">Madrid</subfield>
    <subfield code="b"> : Starbook</subfield>
    <subfield code="c">, 2011</subfield>
  </datafield>
  <datafield tag="300" ind1=" " ind2=" ">
    <subfield code="a">225 p&#xE1;ginas</subfield>
    <subfield code="b"> : il.</subfield>
  </datafield>
  <datafield tag="519" ind1=" " ind2=" ">
    <subfield code="a">Plan Flexible / </subfield>
    <subfield code="b">Ingenieria Industrial / </subfield>
    <subfield code="c">Organizaci&#xF3;n induistrial (P15-1) / </subfield>
    <subfield code="d">(06 003893)</subfield>
  </datafield>
  <datafield tag="519" ind1=" " ind2=" ">
    <subfield code="a">Plan Flexible / </subfield>
    <subfield code="b">Ingenieria Industrial / </subfield>
    <subfield code="c">Psicologia Industrial (P18-5) / </subfield>
    <subfield code="d">(06 003921)</subfield>
  </datafield>
  <datafield tag="519" ind1=" " ind2=" ">
    <subfield code="a">Plan Flexible / </subfield>
    <subfield code="b">Ingenieria Industrial / </subfield>
    <subfield code="c">Evaluaci&#xF3;n de proyectos (M05-4) / </subfield>
    <subfield code="d">(06 003922)</subfield>
  </datafield>
  <datafield tag="650" ind1="1" ind2="4">
    <subfield code="a">TRABAJO</subfield>
    <subfield code="v">PRODUCTIVIDAD</subfield>
  </datafield>
  <datafield tag="650" ind1="2" ind2="4">
    <subfield code="a">PSICOLOGIA INDUSTRIAL</subfield>
  </datafield>
  <datafield tag="700" ind1="1" ind2=" ">
    <subfield code="a">Garnica G., Andr&#xE9;s</subfield>
    <subfield code="e">Autor</subfield>
  </datafield>
  <datafield tag="942" ind1=" " ind2=" ">
    <subfield code="c">LB</subfield>
    <subfield code="2">lcc</subfield>
  </datafield>
</record>
